| 000 | 00826nam a2200229 i 4500 | ||
|---|---|---|---|
| 001 | 52770 | ||
| 003 | ES-MaACL | ||
| 005 | 20230906162637.0 | ||
| 007 | t| | ||
| 008 | 030904s1965 sp ||||1| spa d | ||
| 111 | 0 |
_aConcilio Vaticano ( _n2º. _d1962-1965) _9122 |
|
| 245 | 1 | 0 |
_aDecreto de ecumenismo del Concilio Vaticano II _b: texto y comentario teológico y pastoral / _cpor Miguel Nicolau ; con la colaboración de José Sánchez Vaquero. |
| 260 |
_aMadrid : _bApostolado de la Prensa, _c1965. |
||
| 300 |
_a190 p. ; _c18 cm. |
||
| 490 | 1 |
_aVaticano II ; _v4 |
|
| 650 | 4 |
_aUnidad cristiana- _xIglesia Católica. _9156785 |
|
| 700 | 1 |
_aNicolau, Miguel. _985582 |
|
| 700 | 1 |
_aSánchez Vaquero, José. _9102970 |
|
| 830 | 0 |
_aVaticano II ; _v4 _9192023 |
|
| 852 |
_aES-MaACL _jC-27744 _bR.57029 |
||
| 999 |
_c52770 _d52770 |
||